LIBRARY ONLINE CATALOGUE

The Bride : (Record no. 7739)

MARC details
000 -LEADER
fixed length control field 00715cam a22002172 4500
001 - CONTROL NUMBER
control field 0000008819
005 - DATE AND TIME OF LATEST TRANSACTION
control field 20151217152042.0
008 - FIXED-LENGTH DATA ELEMENTS--GENERAL INFORMATION
fixed length control field 080610s xx 000 0 eng d
020 ## - INTERNATIONAL STANDARD BOOK NUMBER
International Standard Book Number 9966463615 :
Terms of availability KES 205
040 ## - CATALOGING SOURCE
Original cataloging agency KABU
Transcribing agency KABU
100 1# - MAIN ENTRY--PERSONAL NAME
Personal name Bukenya, Austin Lwanga.
-- 0000159585
245 14 - TITLE STATEMENT
Title The Bride :
Remainder of title a playb in four movements /
Statement of responsibility, etc. Austin Lwanga Bukenya.
260 ## - PUBLICATION, DISTRIBUTION, ETC. (IMPRINT)
Place of publication, distribution, etc. Nairobi :
Name of publisher, distributor, etc. E. A. E. P.,
Date of publication, distribution, etc. 1987.
300 ## - PHYSICAL DESCRIPTION
Extent x, 59 p.
908 ## - PUT COMMAND PARAMETER (RLIN)
Put command parameter 080610
950 ## - LOCAL HOLDINGS (RLIN)
-- 1
Holdings
Withdrawn status Lost status Source of classification or shelving scheme Not for loan Home library Current library Date acquired Total Checkouts Full call number Barcode Date last seen Price effective from Koha item type
    Library of Congress Classification   Kabarak, Main Campus Kabarak, Main Campus 17/12/2015   PR9381.9 .B85B75 c. 2 012241 17/12/2015 17/12/2015 General Collection
    Library of Congress Classification   Kabarak, Main Campus Kabarak, Main Campus 17/12/2015   PR9381.9 .B85B75 c. 3 012242 17/12/2015 17/12/2015 General Collection
    Library of Congress Classification   Kabarak, Main Campus Kabarak, Main Campus 17/12/2015   PR9381.9 .B85B75 c. 4 012243 17/12/2015 17/12/2015 General Collection
    Library of Congress Classification   Kabarak, Main Campus Kabarak, Main Campus 17/12/2015   PR9381.9 .B85B75 c. 5 012244 17/12/2015 17/12/2015 General Collection
    Library of Congress Classification   Kabarak, Main Campus Kabarak, Main Campus 17/12/2015   PR9381.9 .B85B75 c. 1 012240 17/12/2015 17/12/2015 Africana Collection